| 000 | 00606nas a2200205 4500 | ||
|---|---|---|---|
| 001 | 000037387 | ||
| 003 | DO-SdBNP | ||
| 005 | 20240917142233.0 | ||
| 008 | 120330c20009999dr mr1p dd 0 0spa d | ||
| 040 |
_aDO-SdBNP _bspa _cBNPHU _erda |
||
| 043 | _anwdr | ||
| 110 | 2 |
_aCiudad Colonial _963844 |
|
| 245 | 0 | 0 | _aBoletín colectivo intersectorial. |
| 260 |
_aSanto Domingo : _bPatronato de la Ciudad Colonial, _c2000. |
||
| 300 |
_av.- : _bil. ; _c29 cm. |
||
| 310 | _aMensual | ||
| 362 | 1 | _aAño 4. no. 51 (mayo 2000) | |
| 500 | _aCatalogación basada en : Año 4. no. 51 (mayo 2000) | ||
| 942 |
_2ddc _cISSUE |
||
| 999 |
_c36877 _d36877 |
||